Länder mit den höchsten Militärausgaben 2024 - Statistiken

Allgemein
  • Dieses Quiz wurde 55 mal gespielt
  • Das Durchschnittsergebnis liegt bei 18 aus 20
Antwortstatistiken
Platz Ausgaben in Milliarden USD Kontinent Land % Korrekt
2 314 Asien China
100%
9 64,7 Europa Frankreich
100%
4 88,5 Europa Deutschland
98%
3 149 Europa Russland
98%
8 64,7 Europa Ukraine
98%
6 81,8 Europa Vereinigtes Königreich
98%
1 997 Nordamerika Vereinigte Staaten
98%
16 29,3 Nordamerika Kanada
96%
15 33,8 Ozeanien Australien
94%
18 24,6 Europa Spanien
94%
11 47,6 Asien Südkorea
94%
13 38 Europa Italien
92%
10 55,3 Asien Japan
92%
5 86,1 Asien Indien
90%
14 38 Europa Polen
90%
17 25 Asien Türkei
88%
7 80,3 Asien Saudi-Arabien
80%
12 46,5 Asien Israel
73%
19 23,2 Europa Niederlande
63%
20 21,8 Afrika Algerien
53%
Keine übereinstimmenden Quizze gefunden
Verteilung der Resultate
Anzahl Personen mit jedem Resultat
Perzentil nach korrekt beantworteten Fragen
Ihre Resultats-Entwicklung
Sie haben dieses Quiz noch nicht gespielt